000 00602nmm a2200181Ia 4500
008 251105s9999||||xx |||||||||||||||||und||
041 _aspa
100 _aBarredo Ibáñez, Daniel
245 0 _aInnovación y periodismo: nuevas prácticas para nuevos escenarios
264 _a[Bogotá, Colombia] :
_bUniversidad del Rosario,
_c2017
300 _a125 páginas
650 _aMedia Studies (Journ., TV, etc)
700 _aBarredo Ibáñez, Daniel
700 1 _a Colussi, Juliana
700 1 _a Ortiz Leiva, Germán (eds.)
856 _uhttps://public.digitaliapublishing.com/a/52165
942 _cCF
999 _c62534
_d62534